Baby Boom! Girls Names of the 2000s Quiz Stats

 Plays Quiz Updated Sep 15, 2015

Challenge
Share
Tweet
Embed
Score 0/50 Timer 04:00
4 Plays Today
% Correct
???
64.3%
???
57.5%
???
49.1%
???
48.3%
???
47.2%
???
44.6%
???
44.1%
???
43.8%
???
43.4%
???
43.1%
???
39.7%
???
39.6%
???
39.6%
???
38.6%
???
38.6%
???
38.3%
???
38.1%
???
37.7%
???
37.7%
???
37.6%
???
37.4%
???
36.8%
???
34.6%
???
34.3%
???
32.7%
% Correct
???
31.1%
???
30.4%
???
28.2%
???
28%
???
27.8%
???
27.8%
???
27.6%
???
27.4%
???
27.1%
???
26.9%
???
26.7%
???
26.5%
???
25.7%
???
25.4%
???
25.3%
???
24.9%
???
24.1%
???
23.8%
???
23.5%
???
23.3%
???
20.7%
???
19.2%
???
18.9%
???
18%
???
17.3%

You're not logged in!

Compare scores with friends on all Sporcle quizzes.
OR
Log In

You Might Also Like...

Show Comments

Extras

Top Quizzes Today


Score Distribution

Your Account Isn't Verified!

In order to create a playlist on Sporcle, you need to verify the email address you used during registration. Go to your Sporcle Settings to finish the process.

Report this User

Report this user for behavior that violates our Community Guidelines.

Details: